[Event "Arab Cities"]
[Site "Hammamet"]
[Date "2019.02.25"]
[Round "7.5"]
[White "Khelfallah, Omar Badreddine"]
[Black "Faraj, Yahya Saleh"]
[Result "1-0"]
[WhiteElo "2150"]
[BlackElo "2225"]
[PlyCount "25"]
[EventDate "2019.02.21"]
[EventType "team-swiss"]
[EventRounds "7"]
[EventCountry "TUN"]
[SourceTitle "CBM 189 Extra"]
[Source "ChessBase"]
[SourceDate "2019.06.03"]
[SourceVersion "1"]
[SourceVersionDate "2019.06.03"]
[SourceQuality "1"]
[WhiteTeam "Bejaia"]
[BlackTeam "Al Gidah"]
[WhiteTeamCountry "ALG"]
[BlackTeamCountry "YEM"]

1. d4 Nf6 2. Nf3 d6 3. c4 g6 4. Nc3 Bg7 5. Bg5 h6 6. Bh4 Bg4 7. e3 Nc6 8. h3 Bxf3 9. Qxf3 0-0 10. Be2 Rb8 11. 0-0 e5 12. d5 Ne7 13. Bxf6 1-0

[Event "Arab Cities"]
[Site "Hammamet"]
[Date "2019.02.22"]
[Round "3.3"]
[White "Zaibi, Amir"]
[Black "Faraj, Yahya Saleh"]
[Result "1-0"]
[WhiteElo "2403"]
[BlackElo "2225"]
[PlyCount "64"]
[EventDate "2019.02.21"]
[EventType "team-swiss"]
[EventRounds "7"]
[EventCountry "TUN"]
[SourceTitle "CBM 189 Extra"]
[Source "ChessBase"]
[SourceDate "2019.06.03"]
[SourceVersion "1"]
[SourceVersionDate "2019.06.03"]
[SourceQuality "1"]
[WhiteTeam "Ariana"]
[BlackTeam "Al Gidah"]
[WhiteTeamCountry "TUN"]
[BlackTeamCountry "YEM"]

1. Nf3 f5 2. e4 fxe4 3. Ng5 Nf6 4. d3 d5 5. dxe4 h6 6. Nh7 Rxh7 7. e5 Bf5 8. exf6 exf6 9. Bd3 Qd7 10. Qe2+ Kf7 11. 0-0 Nc6 12. Bxf5 Qxf5 13. Qb5 Rb8 14. Rd1 Nb4 15. Na3 c6 16. Qa5 Bd6 17. Nc4 Be7 18. Qc7 Rd8 19. Qxd8 Bxd8 20. Nd6+ Kg6 21. Nxf5 Kxf5 22. c3 Na6 23. c4 Nc7 24. Be3 b6 25. a4 Rh8 26. a5 dxc4 27. axb6 axb6 28. Bxb6 Nd5 29. Bxd8 Rxd8 30. Kf1 Rb8 31. Ra4 Nb4 32. Rc1 Ke4 1-0

[Event "Arab Cities-chT"]
[Site "Monastir"]
[Date "2015.11.12"]
[Round "5"]
[White "Boudriga, Mohamed Ali"]
[Black "Faraj, Yahya Saleh"]
[Result "1/2-1/2"]
[WhiteElo "2344"]
[BlackElo "2234"]
[PlyCount "38"]
[EventDate "2015.11.07"]
[EventType "team-tourn"]
[EventRounds "7"]
[EventCountry "TUN"]
[SourceTitle "CBM 170 Extra"]
[Source "ChessBase"]
[SourceDate "2016.02.25"]
[SourceVersion "1"]
[SourceVersionDate "2016.02.25"]
[SourceQuality "1"]
[WhiteTeam "Ksibet Mediouni"]
[BlackTeam "Sanaa"]
[WhiteTeamCountry "TUN"]
[BlackTeamCountry "YEM"]

1. e4 e5 2. Nf3 Nc6 3. Bb5 Nge7 4. c3 g6 5. d4 exd4 6. cxd4 d5 7. exd5 Nxd5 8. 0-0 Bg7 9. Ne5 0-0 10. Nxc6 bxc6 11. Bxc6 Rb8 12. Nc3 Nb4 13. Be4 Ba6 14. Re1 Re8 15. Be3 f5 16. a3 fxe4 17. axb4 Bd3 18. Qb3+ Kh8 19. d5 a6 1/2-1/2

[Event "Arab Cities-chT"]
[Site "Monastir"]
[Date "2015.11.11"]
[Round "4"]
[White "Faraj, Yahya Saleh"]
[Black "Amdouni, Zoubaier"]
[Result "1/2-1/2"]
[WhiteElo "2234"]
[BlackElo "2299"]
[PlyCount "52"]
[EventDate "2015.11.07"]
[EventType "team-tourn"]
[EventRounds "7"]
[EventCountry "TUN"]
[SourceTitle "CBM 170 Extra"]
[Source "ChessBase"]
[SourceDate "2016.02.25"]
[SourceVersion "1"]
[SourceVersionDate "2016.02.25"]
[SourceQuality "1"]
[WhiteTeam "Sanaa"]
[BlackTeam "Menzel Temime"]
[WhiteTeamCountry "YEM"]
[BlackTeamCountry "TUN"]

1. Nf3 Nf6 2. d4 d5 3. c4 e6 4. e3 c6 5. Bd3 Nbd7 6. 0-0 dxc4 7. Bxc4 b5 8. Bd3 Bb7 9. Nc3 a6 10. a4 b4 11. Ne4 c5 12. Ned2 cxd4 13. exd4 Be7 14. a5 0-0 15. Qe2 Nb8 16. Nc4 Nc6 17. Rd1 Qc7 18. g3 Nd5 19. Qe4 g6 20. Bh6 Rfe8 21. Rdc1 Bf6 22. Nce5 Qd6 23. h4 Nde7 24. Qf4 Nd5 25. Qe4 Nde7 26. Qf4 Nd5 1/2-1/2

[Event "Abu Dhabi op 22nd"]
[Site "Abu Dhabi"]
[Date "2014.08.20"]
[Round "1"]
[White "Burmakin, Vladimir"]
[Black "Faraj, Yahya Saleh"]
[Result "1-0"]
[WhiteElo "2593"]
[BlackElo "2247"]
[PlyCount "67"]
[EventDate "2014.08.20"]
[EventType "swiss"]
[EventRounds "9"]
[EventCountry "UAE"]
[SourceTitle "CBM 162 Extra"]
[Source "ChessBase"]
[SourceDate "2014.10.17"]
[SourceVersion "1"]
[SourceVersionDate "2014.10.17"]
[SourceQuality "1"]

1. Nf3 Nf6 2. d4 d5 3. c4 c6 4. e3 e6 5. Nbd2 Nbd7 6. b3 c5 7. cxd5 exd5 8. Bb2 Bd6 9. Be2 0-0 10. 0-0 Re8 11. Qc2 b6 12. Rfd1 Qe7 13. Rac1 Bb7 14. Qf5 Qe6 15. Qxe6 Rxe6 16. Bd3 Ne4 17. Nxe4 dxe4 18. Bc4 Re7 19. dxc5 Bxc5 20. Ng5 Rf8 21. Bd5 Bxd5 22. Rxd5 Nb8 23. Rc4 Na6 24. Nxe4 b5 25. Nf6+ Kh8 26. Rh4 h6 27. Nd7 Rxd7 28. Rxd7 Kg8 29. Rg4 g6 30. Rxg6+ fxg6 31. Rg7+ Kh8 32. Rxa7+ Kg8 33. Rg7+ Kh8 34. Rxg6+ 1-0

[Event "Arab Clubs-chT"]
[Site "Marrakesh"]
[Date "2014.05.26"]
[Round "3"]
[White "Faraj, Yahya Saleh"]
[Black "El Adnani, Mokliss"]
[Result "0-1"]
[WhiteElo "2242"]
[BlackElo "2388"]
[PlyCount "104"]
[EventDate "2014.05.24"]
[EventType "team-swiss"]
[EventRounds "9"]
[EventCountry "MAR"]
[SourceTitle "EXT 2018"]
[Source "ChessBase"]
[SourceDate "2017.10.13"]
[SourceVersion "1"]
[SourceVersionDate "2017.10.13"]
[SourceQuality "1"]
[WhiteTeam "Shoola"]
[BlackTeam "Foursane Ismalia"]
[WhiteTeamCountry "YEM"]
[BlackTeamCountry "MAR"]

1. c4 Nf6 2. Nc3 e5 3. g3 Nc6 4. Bg2 Bc5 5. Nf3 0-0 6. 0-0 h6 7. d3 d6 8. Na4 Bg4 9. h3 Be6 10. a3 a5 11. Nxc5 dxc5 12. Be3 Qd6 13. Nd2 Ra6 14. Rb1 Re8 15. g4 Bc8 16. Kh1 Nd4 17. f4 Nxe2 18. Qxe2 exf4 19. Ne4 Nxe4 20. Bxe4 fxe3 21. Qxe3 Be6 22. Qf3 c6 23. Rf2 Raa8 24. Re1 Rad8 25. Rfe2 Rf8 26. Re3 Qd4 27. R1e2 Rd6 28. a4 Bc8 29. Qg3 f5 30. gxf5 Bxf5 31. Bd5+ cxd5 32. Qxd6 dxc4 33. Qxd4 cxd4 34. Re5 Bxd3 35. Rd2 Rf3 36. Kh2 c3 37. bxc3 dxc3 38. Rg2 c2 39. Rc5 Rf1 40. Rg1 Rd1 41. Rc7 g5 42. h4 Rxg1 43. Kxg1 gxh4 44. Kf2 h3 45. Kg3 Bf5 46. Kh2 h5 47. Kg3 Kf8 48. Kh2 Ke8 49. Rc3 Kd7 50. Kg1 Kd6 51. Kf2 Kd5 52. Rc7 Kd4 0-1

[Event "Asia zt 3.1"]
[Site "Doha"]
[Date "2013.05.11"]
[Round "8"]
[White "Faraj, Yahya Saleh"]
[Black "Ahmed, Ali Layth Ahmed"]
[Result "0-1"]
[WhiteElo "2264"]
[BlackElo "2319"]
[PlyCount "90"]
[EventDate "2013.05.04"]
[EventType "swiss"]
[EventRounds "9"]
[EventCountry "QAT"]
[SourceTitle "CBM 154 Extra"]
[Source "ChessBase"]
[SourceDate "2013.06.25"]
[SourceVersion "2"]
[SourceVersionDate "2013.06.25"]
[SourceQuality "1"]

1. Nf3 Nf6 2. c4 c5 3. e3 e6 4. d4 cxd4 5. exd4 b6 6. Bd3 Bb7 7. 0-0 Be7 8. Nc3 d5 9. cxd5 Nxd5 10. Ne4 0-0 11. a3 Nc6 12. Bd2 Rc8 13. Rc1 Nf6 14. Bc3 Qd5 15. Re1 Rfd8 16. Ng3 Bd6 17. Ne4 Be7 18. Ng3 Rd7 19. Qe2 Rdc7 20. Rcd1 Na5 21. Bxa5 bxa5 22. Qd2 Bd6 23. Ne4 Nxe4 24. Bxe4 Qb3 25. Bxb7 Qxb7 26. Rc1 h6 27. Rxc7 Rxc7 28. Rc1 Qe4 29. Rxc7 Bxc7 30. Qc3 Bb6 31. g3 g5 32. h3 Qf5 33. g4 Qe4 34. a4 Qd5 35. b3 Qe4 36. Kg2 Kh7 37. Qe3 Qd5 38. Kg1 Kg8 39. Qc3 Kg7 40. Qe3 Bc7 41. Kg2 Bf4 42. Qc3 Bd6 43. Qc4 Qe4 44. Qa6 Bb4 45. Qb5 Kh7 0-1

[Event "Asia zt 3.1"]
[Site "Doha"]
[Date "2013.05.08"]
[Round "5"]
[White "Faraj, Yahya Saleh"]
[Black "Al Modiahki, Mohamad"]
[Result "0-1"]
[WhiteElo "2264"]
[BlackElo "2550"]
[PlyCount "64"]
[EventDate "2013.05.04"]
[EventType "swiss"]
[EventRounds "9"]
[EventCountry "QAT"]
[SourceTitle "CBM 154 Extra"]
[Source "ChessBase"]
[SourceDate "2013.06.25"]
[SourceVersion "2"]
[SourceVersionDate "2013.06.25"]
[SourceQuality "1"]

1. Nf3 Nf6 2. c4 g6 3. Nc3 Bg7 4. e4 d6 5. d4 0-0 6. Be2 e5 7. dxe5 dxe5 8. Qxd8 Rxd8 9. Bg5 Re8 10. 0-0-0 Na6 11. Nxe5 Nc5 12. Nf3 Nfxe4 13. Nxe4 Nxe4 14. Be3 Nxf2 15. Bxf2 Bh6+ 16. Kb1 Rxe2 17. Rd8+ Bf8 18. Rd2 Bf5+ 19. Ka1 Rxd2 20. Nxd2 Rd8 21. Nf3 Bg7 22. Re1 Be6 23. c5 Rd5 24. Be3 h6 25. Kb1 a5 26. h3 h5 27. Ng5 Bf5+ 28. Ka1 Bf8 29. Rc1 Bh6 30. Re1 Re5 31. h4 f6 32. Nf7 Kxf7 0-1

[Event "Asia zt 3.1"]
[Site "Doha"]
[Date "2013.05.06"]
[Round "3"]
[White "Faraj, Yahya Saleh"]
[Black "Al Huwar, Jasem"]
[Result "1/2-1/2"]
[WhiteElo "2264"]
[BlackElo "2268"]
[PlyCount "56"]
[EventDate "2013.05.04"]
[EventType "swiss"]
[EventRounds "9"]
[EventCountry "QAT"]
[SourceTitle "CBM 154 Extra"]
[Source "ChessBase"]
[SourceDate "2013.06.25"]
[SourceVersion "2"]
[SourceVersionDate "2013.06.25"]
[SourceQuality "1"]

1. d4 Nf6 2. c4 g6 3. Nc3 d5 4. cxd5 Nxd5 5. e4 Nxc3 6. bxc3 Bg7 7. Nf3 c5 8. Be2 Nc6 9. Be3 Bg4 10. e5 cxd4 11. cxd4 0-0 12. 0-0 Qd7 13. h3 Be6 14. Qd2 Rfd8 15. Rfd1 Rac8 16. Ng5 Bd5 17. Bg4 e6 18. Bf3 b6 19. Ne4 Na5 20. Bg5 Bxe4 21. Bxe4 Re8 22. Rac1 Nc4 23. Qe2 b5 24. a4 a6 25. axb5 axb5 26. Bd3 Qd5 27. Be4 Qd7 28. Bd3 Qd5 1/2-1/2

[Event "IRQ-ch op 2nd"]
[Site "Baghdad"]
[Date "2013.03.10"]
[Round "6"]
[White "Faraj, Yahya Saleh"]
[Black "Iyti, Basher"]
[Result "1/2-1/2"]
[WhiteElo "2229"]
[BlackElo "2292"]
[PlyCount "45"]
[EventDate "2013.03.06"]
[EventType "swiss"]
[EventRounds "9"]
[EventCountry "IRQ"]
[SourceTitle "CBM 153 Extra"]
[Source "ChessBase"]
[SourceDate "2013.04.22"]
[SourceVersion "1"]
[SourceVersionDate "2013.04.22"]
[SourceQuality "1"]

1. Nf3 Nf6 2. c4 c6 3. d4 b5 4. e3 bxc4 5. Bxc4 e6 6. 0-0 d5 7. Bd3 c5 8. b3 cxd4 9. exd4 Bd6 10. Qe2 0-0 11. Ne5 a5 12. Nc3 Qb6 13. Bb2 Na6 14. Na4 Qb8 15. Rfc1 Nb4 16. Bb5 Bxe5 17. dxe5 Nd7 18. Bd4 Ba6 19. Bxa6 Nxa6 20. Rc3 Rc8 21. Rac1 Qb7 22. Qc2 Rd8 23. a3 1/2-1/2

[Event "IRQ-ch op 2nd"]
[Site "Baghdad"]
[Date "2013.03.08"]
[Round "4"]
[White "Faraj, Yahya Saleh"]
[Black "Shalamberidze, Akaki"]
[Result "0-1"]
[WhiteElo "2229"]
[BlackElo "2366"]
[PlyCount "80"]
[EventDate "2013.03.06"]
[EventType "swiss"]
[EventRounds "9"]
[EventCountry "IRQ"]
[SourceTitle "CBM 153 Extra"]
[Source "ChessBase"]
[SourceDate "2013.04.22"]
[SourceVersion "1"]
[SourceVersionDate "2013.04.22"]
[SourceQuality "1"]

1. Nf3 Nf6 2. c4 c5 3. d4 e6 4. d5 exd5 5. cxd5 d6 6. Nc3 a6 7. a4 g6 8. h3 Bg7 9. Bf4 0-0 10. e3 b6 11. Be2 Bb7 12. 0-0 Re8 13. Qb3 Bf8 14. Nd2 Nbd7 15. Rad1 Rb8 16. e4 Bc8 17. Rfe1 h6 18. Bf1 g5 19. Bh2 Nh5 20. g3 Bg7 21. Be2 Ndf6 22. Bf1 g4 23. Ra1 Kh8 24. Qd1 Qd7 25. Be2 b5 26. axb5 axb5 27. hxg4 Nxg4 28. Bxg4 Qxg4 29. Qxg4 Bxg4 30. f3 b4 31. Nd1 Bd4+ 32. Kg2 Bd7 33. g4 Nf6 34. Bxd6 Rbd8 35. Bg3 h5 36. g5 Rg8 37. f4 Rde8 38. gxf6 h4 39. Kh1 Rxg3 40. Rf1 h3 0-1

[Event "IRQ-ch op 2nd"]
[Site "Baghdad"]
[Date "2013.03.07"]
[Round "3"]
[White "Bakr, Jwan"]
[Black "Faraj, Yahya Saleh"]
[Result "1-0"]
[WhiteElo "2325"]
[BlackElo "2229"]
[PlyCount "71"]
[EventDate "2013.03.06"]
[EventType "swiss"]
[EventRounds "9"]
[EventCountry "IRQ"]
[SourceTitle "CBM 153 Extra"]
[Source "ChessBase"]
[SourceDate "2013.04.22"]
[SourceVersion "1"]
[SourceVersionDate "2013.04.22"]
[SourceQuality "1"]

1. d4 Nf6 2. c4 c5 3. d5 e5 4. Nc3 d6 5. e4 g6 6. Bd3 Bg7 7. Nge2 Na6 8. Ng3 h5 9. h4 Nh7 10. Nf1 Nc7 11. Be3 Bd7 12. Nd2 a6 13. a4 b6 14. a5 bxa5 15. Nb3 Rb8 16. Qc2 0-0 17. Nxa5 Qe8 18. Rb1 Rb4 19. Bd2 f5 20. Na2 Rb8 21. b4 Ba4 22. Qc1 fxe4 23. Bxe4 Nf6 24. Bc2 e4 25. Bxa4 Qxa4 26. Nc3 Qe8 27. Nc6 Rb7 28. Nd1 Ng4 29. bxc5 e3 30. Nxe3 Nxf2 31. 0-0 Nd3 32. Rxf8+ Qxf8 33. Rxb7 Qf2+ 34. Kh1 Qxh4+ 35. Kg1 Qf2+ 36. Kh1 1-0

[Event "Olympiad-40"]
[Site "Istanbul"]
[Date "2012.09.09"]
[Round "11.2"]
[White "Ahmed, Fuad"]
[Black "Faraj, Yahya Saleh"]
[Result "0-1"]
[WhiteElo "1830"]
[BlackElo "2243"]
[PlyCount "52"]
[EventDate "2012.08.28"]
[EventType "team-swiss"]
[EventRounds "11"]
[EventCountry "TUR"]
[SourceTitle "CBM 151"]
[Source "ChessBase"]
[SourceDate "2012.11.13"]
[SourceVersion "1"]
[SourceVersionDate "2012.11.13"]
[SourceQuality "1"]
[WhiteTeam "Maldives"]
[BlackTeam "Yemen"]
[WhiteTeamCountry "MDV"]
[BlackTeamCountry "YEM"]

1. d4 Nf6 2. Nf3 c5 3. d5 d6 4. c4 e5 5. Nc3 Be7 6. e4 0-0 7. Be2 Na6 8. 0-0 Nc7 9. Ne1 Nd7 10. Bg4 a6 11. Nd3 b5 12. b3 bxc4 13. bxc4 Nb6 14. Bxc8 Qxc8 15. Nb2 f5 16. f3 f4 17. g4 fxg3 18. hxg3 Qh3 19. Qe1 Rf6 20. Kf2 Raf8 21. Ke3 Qg2 22. f4 exf4+ 23. gxf4 Rxf4 24. Rxf4 Rxf4 25. Kd3 Rf1 26. Qd2 Rf3+ 0-1

[Event "Olympiad-40"]
[Site "Istanbul"]
[Date "2012.09.03"]
[Round "6.2"]
[White "Ynojosa Aponte, Felix Jose"]
[Black "Faraj, Yahya Saleh"]
[Result "0-1"]
[WhiteElo "2374"]
[BlackElo "2243"]
[PlyCount "106"]
[EventDate "2012.08.28"]
[EventType "team-swiss"]
[EventRounds "11"]
[EventCountry "TUR"]
[SourceTitle "CBM 151"]
[Source "ChessBase"]
[SourceDate "2012.11.13"]
[SourceVersion "1"]
[SourceVersionDate "2012.11.13"]
[SourceQuality "1"]
[WhiteTeam "Venezuela"]
[BlackTeam "Yemen"]
[WhiteTeamCountry "VEN"]
[BlackTeamCountry "YEM"]

1. e4 e5 2. Nf3 Nc6 3. Bc4 Bc5 4. d3 Nf6 5. Nc3 h6 6. h3 d6 7. Na4 Bb6 8. c3 Qe7 9. Bb3 Be6 10. Bc2 d5 11. exd5 Nxd5 12. Nxb6 axb6 13. Qe2 Bf5 14. 0-0 0-0 15. Re1 Rfe8 16. Bd2 Qd6 17. a3 Re7 18. b4 b5 19. a4 Nf4 20. Bxf4 exf4 21. Qd1 Rxe1+ 22. Nxe1 bxa4 23. Rxa4 Re8 24. Ra1 Qf6 25. b5 Ne7 26. d4 Nd5 27. Qd2 Bxc2 28. Qxc2 Qb6 29. Nf3 Nf6 30. c4 g6 31. Qd2 Re4 32. Ra8+ Kg7 33. Qb4 Ne8 34. c5 Qe6 35. Ra7 b6 36. Qc3 Nf6 37. d5 Qxd5 38. Rxc7 Rc4 39. Qe5 Rc1+ 40. Kh2 Qd1 41. Rxf7+ Kxf7 42. Qc7+ Kg8 43. Qc8+ Kh7 44. Qc7+ Kg8 45. Qc8+ Kg7 46. Qc7+ Nd7 47. Qxf4 Rxc5 48. Nd4 Qe1 49. Nc6 Qe6 50. Qd4+ Kh7 51. f4 Rxb5 52. Nd8 Qe7 53. Nc6 Qg7 0-1

[Event "Asia-chT 17th"]
[Site "Zaozhuang"]
[Date "2012.05.19"]
[Round "3.3"]
[White "Faraj, Yahya Saleh"]
[Black "Khusnutdinov, Rustam"]
[Result "1/2-1/2"]
[WhiteElo "2256"]
[BlackElo "2509"]
[PlyCount "68"]
[EventDate "2012.05.17"]
[EventType "team-swiss"]
[EventRounds "9"]
[EventCountry "CHN"]
[SourceTitle "CBM 148 Extra"]
[Source "ChessBase"]
[SourceDate "2012.06.22"]
[SourceVersion "1"]
[SourceVersionDate "2012.06.22"]
[SourceQuality "1"]
[WhiteTeam "Yemen"]
[BlackTeam "Kazakhstan"]
[WhiteTeamCountry "YEM"]
[BlackTeamCountry "KAZ"]

1. Nf3 g6 2. c4 Nf6 3. Nc3 d5 4. cxd5 Nxd5 5. e4 Nxc3 6. bxc3 Bg7 7. d4 c5 8. Be2 Nc6 9. Be3 Bg4 10. e5 0-0 11. 0-0 cxd4 12. cxd4 Qd7 13. h3 Bxf3 14. Bxf3 Rfd8 15. Rb1 Rab8 16. Bxc6 Qxc6 17. Qb3 b6 18. Rfc1 Qd7 19. Rc3 h6 20. Rbc1 Rbc8 21. Qa3 Rxc3 22. Rxc3 Kh7 23. Qc1 Qd5 24. Qc2 e6 25. Rc7 Rd7 26. Rc8 b5 27. Qc6 b4 28. Qa4 Qb7 29. Rc4 Bf8 30. Qc2 Qd5 31. Rc8 Rd8 32. Rc7 Rd7 33. Rc8 Rd8 34. Rc7 Rd7 1/2-1/2

[Event "Asia-chT 16th Tata Steel"]
[Site "Kolkata"]
[Date "2009.12.23"]
[Round "2"]
[White "Faraj, Yahya Saleh"]
[Black "Kalugampitiya, RS."]
[Result "0-1"]
[WhiteElo "2249"]
[BlackElo "2135"]
[PlyCount "110"]
[EventDate "2009.12.22"]
[EventType "team-swiss"]
[EventRounds "7"]
[EventCountry "IND"]
[SourceTitle "EXT 2020"]
[Source "ChessBase"]
[SourceDate "2019.10.17"]
[SourceVersion "1"]
[SourceVersionDate "2019.10.17"]
[SourceQuality "1"]
[WhiteTeam "Yemen"]
[BlackTeam "Sri Lanka"]
[WhiteTeamCountry "YEM"]
[BlackTeamCountry "SRI"]

1. Nf3 f5 2. e4 fxe4 3. Ng5 Nf6 4. d3 d5 5. dxe4 h6 6. Nf3 dxe4 7. Qxd8+ Kxd8 8. Ne5 Be6 9. Nc3 c6 10. Be3 Ke8 11. g3 Rg8 12. Bg2 Bd5 13. Nxd5 cxd5 14. Bh3 g5 15. Bc8 Nbd7 16. Bxb7 Rb8 17. Bc6 e6 18. 0-0-0 a6 19. h4 g4 20. Kb1 Ke7 21. Bxd7 Nxd7 22. Nc6+ Kd6 23. Nxb8 Nxb8 24. Rd4 Nc6 25. Ra4 a5 26. Rd1 Ke5 27. Bb6 Bd6 28. Be3 Rf8 29. c3 h5 30. a3 Kf6 31. Rxe4 dxe4 32. Rxd6 Rc8 33. b4 Ne5 34. Bd4 Kf5 35. Ka2 Nc4 36. Ra6 e5 37. Bc5 axb4 38. axb4 Nd2 39. Kb2 e3 40. Kc2 Rxc5 41. fxe3 Rd5 42. Rh6 Ke4 43. Rxh5 Nf1 44. Rh8 Nxg3 45. h5 Nf5 46. h6 g3 47. c4 g2 48. Rg8 Nxe3+ 49. Kb2 Rd6 50. c5 Rxh6 51. b5 Rh1 52. c6 g1Q 53. Rxg1 Rxg1 54. c7 Rg8 55. b6 Nd5 0-1

[Event "Asia Cities-ch 16th"]
[Site "Beirut"]
[Date "2009.04.23"]
[Round "9.3"]
[White "Faraj, Yahya Saleh"]
[Black "Elbaba, Ezat"]
[Result "1-0"]
[WhiteElo "2252"]
[BlackElo "2171"]
[PlyCount "67"]
[EventDate "2009.04.16"]
[EventType "team-swiss"]
[EventRounds "9"]
[EventCountry "LBN"]
[SourceTitle "EXT 2020"]
[Source "ChessBase"]
[SourceDate "2019.10.17"]
[SourceVersion "1"]
[SourceVersionDate "2019.10.17"]
[SourceQuality "1"]
[WhiteTeam "Sanaa"]
[BlackTeam "Damascus"]
[WhiteTeamCountry "YEM"]
[BlackTeamCountry "SYR"]

1. Nf3 c5 2. c4 Nc6 3. d4 cxd4 4. Nxd4 g6 5. e4 Bg7 6. Be3 Nf6 7. Nc3 d6 8. Be2 Bd7 9. Nb3 Rc8 10. 0-0 Ne5 11. Nd2 0-0 12. h3 Bc6 13. f4 Ned7 14. Bf3 b6 15. Qe2 Re8 16. g4 h6 17. Rac1 Nh7 18. Bg2 g5 19. Nf3 Nc5 20. fxg5 Bxc3 21. bxc3 Nxe4 22. g6 fxg6 23. Nd4 Nhf6 24. Bxh6 Kh7 25. Nxc6 Rxc6 26. Bxe4 Rxc4 27. Bf4 Qc8 28. Be3 Kg7 29. Rf3 g5 30. Bd3 Ra4 31. Rcf1 Rf8 32. Rf5 Nh7 33. Rxf8 Nxf8 34. c4 1-0

[Event "Amman tt"]
[Site "Amman"]
[Date "2008.06.28"]
[Round "8"]
[White "Faraj, Yahya Saleh"]
[Black "Neverov, Valeriy"]
[Result "0-1"]
[WhiteElo "2284"]
[BlackElo "2568"]
[PlyCount "43"]
[EventDate "2008.06.21"]
[EventType "team"]
[EventRounds "8"]
[EventCountry "JOR"]
[SourceTitle "CBM 125 Extra"]
[Source "ChessBase"]
[SourceDate "2008.09.01"]
[SourceVersion "1"]
[SourceVersionDate "2008.09.01"]
[SourceQuality "1"]

1. Nf3 Nf6 2. c4 e6 3. d4 b6 4. Nc3 Bb4 5. a3 Bxc3+ 6. bxc3 Ba6 7. e3 Nc6 8. Bd3 Na5 9. Nd2 c5 10. 0-0 0-0 11. Qe2 d5 12. cxd5 Bxd3 13. Qxd3 Qxd5 14. e4 Qd8 15. f4 Rc8 16. Rf3 Re8 17. Bb2 c4 18. Qc2 Nb3 19. Nxb3 cxb3 20. Qxb3 Nxe4 21. c4 Nd6 22. Rc1 0-1

[Event "Amman tt"]
[Site "Amman"]
[Date "2008.06.21"]
[Round "1"]
[White "Faraj, Yahya Saleh"]
[Black "Miroshnichenko, Evgenij"]
[Result "0-1"]
[WhiteElo "2284"]
[BlackElo "2642"]
[PlyCount "62"]
[EventDate "2008.06.21"]
[EventType "team"]
[EventRounds "8"]
[EventCountry "JOR"]
[SourceTitle "CBM 125 Extra"]
[Source "ChessBase"]
[SourceDate "2008.09.01"]
[SourceVersion "1"]
[SourceVersionDate "2008.09.01"]
[SourceQuality "1"]

1. Nf3 Nf6 2. c4 g6 3. Nc3 Bg7 4. e4 0-0 5. d4 d6 6. Be2 e5 7. d5 a5 8. 0-0 Na6 9. Ne1 Nc5 10. f3 Nh5 11. g3 Bh3 12. Rf2 f5 13. Nd3 Nxd3 14. Qxd3 f4 15. g4 Ng3 16. Bd1 Qh4 17. Bd2 h5 18. Be1 Rf7 19. Rg2 Bxg2 20. Kxg2 hxg4 21. fxg4 Bf6 22. hxg3 Qh6 23. Qf1 Rh7 24. Kf3 Rf8 25. Ke2 Qh2+ 26. Kd3 fxg3 27. Bf3 Bg5 28. Ne2 Rhf7 29. Ng1 Rxf3+ 30. Nxf3 g2 31. Nxh2 Rxf1 0-1

[Event "Arab-chT Clubs"]
[Site "Amman"]
[Date "2006.05.??"]
[Round "4"]
[White "Faraj, Yahya Saleh"]
[Black "Abdulwahhab, Ahmed Abdulsattar"]
[Result "0-1"]
[WhiteElo "2290"]
[BlackElo "2268"]
[PlyCount "40"]
[EventDate "2006.05.??"]
[EventType "team"]
[EventRounds "8"]
[EventCountry "JOR"]
[SourceTitle "CBM 112 Extra"]
[Source "ChessBase"]
[SourceDate "2006.07.14"]
[SourceVersion "1"]
[SourceVersionDate "2006.07.14"]
[SourceQuality "1"]

1. Nf3 Nf6 2. c4 g6 3. Nc3 Bg7 4. e4 d6 5. d4 0-0 6. Bd3 e5 7. d5 a5 8. h3 Na6 9. g4 Nc5 10. Bc2 c6 11. Be3 cxd5 12. Nxd5 Ne6 13. Ng5 Nxg5 14. Bxg5 Be6 15. Qd2 Rc8 16. Nxf6+ Bxf6 17. Bxf6 Qxf6 18. Qxd6 Rxc4 19. Bd3 Rd4 20. Qa3 Qf3 0-1

[Event "Arab-chT Clubs"]
[Site "Amman"]
[Date "2006.05.??"]
[Round "3"]
[White "Faraj, Yahya Saleh"]
[Black "Elbasuny, Fahmy"]
[Result "1/2-1/2"]
[WhiteElo "2290"]
[BlackElo "2241"]
[PlyCount "43"]
[EventDate "2006.05.??"]
[EventType "team"]
[EventRounds "8"]
[EventCountry "JOR"]
[SourceTitle "CBM 112 Extra"]
[Source "ChessBase"]
[SourceDate "2006.07.14"]
[SourceVersion "1"]
[SourceVersionDate "2006.07.14"]
[SourceQuality "1"]

1. Nf3 Nf6 2. c4 g6 3. Nc3 Bg7 4. e4 d6 5. d4 0-0 6. Bd3 c5 7. d5 e5 8. h3 Na6 9. g4 Nc7 10. Be3 a6 11. a4 Rb8 12. Qe2 Bd7 13. Nd2 Qe7 14. Bg5 h6 15. Bh4 a5 16. Rc1 g5 17. Bg3 Nh7 18. Nf1 Rfe8 19. Ne3 Qf6 20. h4 gxh4 21. Rxh4 Ng5 22. Nf5 1/2-1/2

[Event "Arab-chT Clubs"]
[Site "Amman"]
[Date "2006.05.??"]
[Round "6"]
[White "Shab, Haetham"]
[Black "Faraj, Yahya Saleh"]
[Result "1/2-1/2"]
[WhiteElo "2145"]
[BlackElo "2290"]
[PlyCount "29"]
[EventDate "2006.05.??"]
[EventType "team"]
[EventRounds "8"]
[EventCountry "JOR"]
[SourceTitle "CBM 112 Extra"]
[Source "ChessBase"]
[SourceDate "2006.07.14"]
[SourceVersion "1"]
[SourceVersionDate "2006.07.14"]
[SourceQuality "1"]

1. e4 d6 2. d4 Nf6 3. Nc3 c6 4. Bg5 Nbd7 5. Qd2 e5 6. Nf3 Qc7 7. Bd3 Be7 8. 0-0 0-0 9. Ne2 c5 10. dxe5 dxe5 11. c4 Rb8 12. Nc3 Re8 13. Bxf6 Bxf6 14. Nd5 Qc6 15. h3 1/2-1/2

[Event "Arab Clubs-chT 5th"]
[Site "Damascus"]
[Date "2003.07.20"]
[Round "6"]
[White "Hussein, Aziz Nezad"]
[Black "Faraj, Yahya Saleh"]
[Result "1-0"]
[WhiteElo "2309"]
[BlackElo "2223"]
[PlyCount "57"]
[EventDate "2003.07.17"]
[EventType "team"]
[EventRounds "9"]
[EventCountry "SYR"]
[SourceTitle "CBM 095 Extra"]
[Source "ChessBase"]
[SourceDate "2003.09.04"]
[SourceVersion "1"]
[SourceVersionDate "2003.09.04"]
[SourceQuality "1"]

1. e4 d6 2. f4 Nf6 3. Nc3 c6 4. Qf3 e5 5. Nge2 Bg4 6. Qg3 Bxe2 7. Bxe2 Nbd7 8. d3 Qc7 9. Be3 Nc5 10. fxe5 Nfd7 11. d4 Ne6 12. exd6 Bxd6 13. e5 Bb4 14. 0-0 Nb6 15. Ne4 Nd5 16. c3 Nxe3 17. Qxe3 Be7 18. Bc4 0-0 19. Rf5 b5 20. Bb3 a5 21. Raf1 a4 22. Bc2 a3 23. b4 g6 24. Qh6 f6 25. Nxf6+ Bxf6 26. Rxf6 Rxf6 27. Rxf6 Re8 28. Bb3 Qc8 29. Qh3 1-0